Top 5 Songs On Parklife (Blur) - Statistics

General Stats
  • This quiz has been taken 44 times
  • The average score is 4 of 5
Answer Stats
Hint Answer % Correct
96,688,497 Parklife
98%
25,474,104 Girls & Boys
88%
12,236,515 To the End
75%
17,089,852 End of a Century
70%
6,417,287 This is a Low
63%
No matching quizzes found
Score Distribution
Percent of People with Each Score
Percentile by Number Answered
Your Score History
You have not taken this quiz